[Event "Ulster Championships 2025"]
[Site "Lisburn Chess Club, United Kingdom"]
[Date "2025.08.25"]
[Round "5.3"]
[White "Scannell, Stephen"]
[Black "Doolin, Nemhain"]
[Result "1-0"]
[WhiteElo "2050"]
[BlackElo "1849"]
[TimeControl "90' + 30\""]
[ePGN "0.1;DGT LiveChess/2.2.7"]
[WhiteFideId "2501104"]
[BlackFideId "2517230"]

1. e4 { [%clk 01:30:49] } { [%emt 01:39:24] } 1... e6 { [%clk 01:30:55] }
2. d4 { [%clk 01:31:10] } 2... d5 { [%clk 01:31:21] } 3. Nd2 { [%clk
01:31:36] } 3... Be7 { [%clk 01:31:48] } 4. c3 { [%clk 01:32:00] } 4... Nf6
{ [%clk 01:31:10] } 5. Bd3 { [%clk 01:31:06] } { [%emt 00:00:04] } 5... c5
{ [%clk 01:29:11] } 6. Ngf3 { [%clk 01:31:17] } 6... cxd4 { [%clk 01:28:08]
} 7. cxd4 { [%clk 01:30:44] } 7... dxe4 { [%clk 01:27:52] } 8. Nxe4 { [%clk
01:31:06] } 8... Bd7 { [%clk 01:27:06] } 9. O-O { [%clk 01:31:07] } { [%emt
00:00:05] } 9... Bc6 { [%clk 01:25:42] } 10. Nc3 { [%clk 01:30:44] } 10...
O-O { [%clk 01:24:29] } 11. Ne5 { [%clk 01:30:47] } 11... Bd5 { [%clk
01:19:29] } 12. Be3 { [%clk 01:27:37] } 12... Nc6 { [%clk 01:16:29] } {
[%emt 00:08:54] } 13. Nxd5 { [%clk 01:26:43] } 13... Nxd5 { [%clk 01:07:51]
} 14. Nxc6 { [%clk 01:26:19] } 14... bxc6 { [%clk 01:07:25] } 15. Rc1 {
[%clk 01:20:55] } 15... Nxe3 { [%clk 01:06:31] } 16. fxe3 { [%clk 01:21:16]
} { [%emt 00:00:04] } 16... Qb6 { [%clk 01:05:44] } 17. Qc2 { [%clk
01:16:50] } 17... h6 { [%clk 01:05:23] } 18. Qxc6 { [%clk 01:11:35] } 18...
Qxb2 { [%clk 01:03:31] } 19. Qe4 { [%clk 01:10:38] } 19... g6 { [%clk
01:02:43] } 20. Rc2 { [%clk 01:06:04] } { [%emt 00:03:12] } 20... Qb6 {
[%clk 01:00:01] } 21. h4 { [%clk 01:04:43] } 21... h5 { [%clk 00:55:01] }
22. Rc6 { [%clk 01:04:27] } 22... Qd8 { [%clk 00:52:39] } 23. Rxe6 { [%clk
01:03:16] } 23... f5 { [%clk 00:25:17] } { [%emt 00:08:21] } 24. Rxg6+ {
[%clk 01:02:52] } 24... Kh7 { [%clk 00:23:57] } 25. Qe6 { [%clk 01:02:24] }
{ [%emt 00:00:09] } 25... Rf6 { [%clk 00:23:38] } { [%emt 00:23:07] } 26.
Rxf6 { [%clk 01:02:19] } 1-0

[Event "Ulster Championships 2025"]
[Site "Lisburn Chess Club, United Kingdom"]
[Date "2025.08.25"]
[Round "5.4"]
[White "Kimg, Daniel"]
[Black "Dolan, Peter"]
[Result "0-1"]
[WhiteElo "1616"]
[BlackElo "1586"]
[TimeControl "90' + 30\""]
[ePGN "0.1;DGT LiveChess/2.2.7"]
[WhiteFideId "2536544"]
[BlackFideId "2413612"]

1. e4 { [%clk 01:30:58] } 1... c5 { [%clk 01:30:56] } 2. a3 { [%clk
01:31:17] } 2... g6 { [%clk 01:31:18] } 3. Nc3 { [%clk 01:31:42] } 3... Nc6
{ [%clk 01:31:24] } 4. Bc4 { [%clk 01:32:05] } 4... Bg7 { [%clk 01:31:23] }
5. d3 { [%clk 01:32:19] } 5... Nf6 { [%clk 01:30:57] } 6. f4 { [%clk
01:31:28] } { [%emt 00:00:13] } 6... d6 { [%clk 01:31:06] } 7. Nf3 { [%clk
01:31:30] } 7... Bg4 { [%clk 01:30:19] } 8. h3 { [%clk 01:27:55] } 8...
Bxf3 { [%clk 01:30:33] } 9. Qxf3 { [%clk 01:28:21] } 9... Nd4 { [%clk
01:30:10] } { [%emt 00:00:04] } 10. Qf2 { [%clk 01:28:25] } 10... e6 {
[%clk 01:27:43] } 11. O-O { [%clk 01:27:45] } 11... O-O { [%clk 01:25:33] }
12. Be3 { [%clk 01:15:27] } { [%emt 00:00:05] } 12... d5 { [%clk 01:19:32]
} 13. Ba2 { [%clk 01:08:20] } 13... Nxc2 { [%clk 01:08:31] } 14. Bxc5 {
[%clk 01:06:37] } 14... Nxa1 { [%clk 01:08:44] } 15. Bxf8 { [%clk 01:07:01]
} 15... Bxf8 { [%clk 01:03:27] } { [%emt 00:00:05] } 16. Rxa1 { [%clk
01:00:17] } 16... dxe4 { [%clk 01:01:30] } 17. dxe4 { [%clk 00:59:21] }
17... Qc7 { [%clk 00:47:11] } 18. Kh1 { [%clk 00:56:26] } 18... Qc5 { [%clk
00:42:24] } 19. Qf3 { [%clk 00:50:50] } 19... Qc6 { [%clk 00:37:20] } {
[%emt 01:40:05] } 20. Rd1 { [%clk 00:48:58] } 20... Rc8 { [%clk 00:34:52] }
21. Rc1 { [%clk 00:33:54] } 21... Qb6 { [%clk 00:27:21] } 22. b4 { [%clk
00:28:44] } 22... Qd4 { [%clk 00:26:16] } 23. Kh2 { [%clk 00:23:06] } 23...
Qd2 { [%clk 00:24:06] } 24. Qd1 { [%clk 00:11:00] } { [%emt 00:00:05] }
24... Qxf4+ { [%clk 00:22:28] } 25. Kh1 { [%clk 00:10:19] } 25... Nxe4 {
[%clk 00:19:09] } 26. Qe1 { [%clk 00:08:11] } 26... Bd6 { [%clk 00:17:28] }
0-1

[Event "Ulster Championships 2025"]
[Site "Lisburn Chess Club, United Kingdom"]
[Date "2025.08.25"]
[Round "5.5"]
[White "Campbell, Peter"]
[Black "Haoena, Austin Gu"]
[Result "1-0"]
[WhiteElo "1614"]
[BlackElo "1408"]
[TimeControl "90' + 30\""]
[ePGN "0.1;DGT LiveChess/2.2.7"]
[WhiteFideId "2518406"]
[BlackFideId "2529327"]

1. d4 { [%clk 01:30:57] } { [%emt 00:39:52] } 1... Nf6 { [%clk 01:30:46] }
2. Nc3 { [%clk 01:31:17] } 2... d5 { [%clk 01:30:35] } 3. Bf4 { [%clk
01:31:27] } 3... e6 { [%clk 08:19:27] } 4. e3 { [%clk 01:31:30] } 4... Bd6
{ [%clk 01:29:33] } 5. Bd3 { [%clk 01:25:29] } { [%emt 00:00:27] } 5...
Bxf4 { [%clk 01:27:39] } 6. exf4 { [%clk 01:25:23] } 6... Nc6 { [%clk
01:26:56] } 7. Nf3 { [%clk 01:25:11] } 7... b6 { [%clk 01:25:00] } 8. O-O {
[%clk 01:16:17] } 8... O-O { [%clk 01:24:45] } 9. Ne5 { [%clk 01:12:23] }
9... Bb7 { [%clk 01:22:52] } 10. a3 { [%clk 01:11:09] } 10... h6 { [%clk
01:22:18] } 11. Ne2 { [%clk 01:08:58] } 11... Ne7 { [%clk 01:20:46] } 12.
Ng3 { [%clk 01:07:35] } 12... c5 { [%clk 01:19:29] } 13. c3 { [%clk
01:02:52] } 13... c4 { [%clk 01:19:02] } 14. Bc2 { [%clk 01:02:59] } 14...
Nd7 { [%clk 01:18:29] } 15. Qg4 { [%clk 00:57:49] } 15... f5 { [%clk
01:18:03] } 16. Qf3 { [%clk 00:55:29] } 16... Nxe5 { [%clk 01:16:34] } 17.
fxe5 { [%clk 00:55:27] } 17... Qe8 { [%clk 01:15:49] } 18. Kh1 { [%clk
00:54:52] } 18... Ng6 { [%clk 01:14:01] } 19. Ne2 { [%clk 00:54:07] } 19...
Qf7 { [%clk 01:13:01] } 20. Nf4 { [%clk 00:51:43] } 20... Nxf4 { [%clk
01:13:02] } 21. Qxf4 { [%clk 00:52:05] } 21... g5 { [%clk 01:12:28] } {
[%emt 00:00:24] } 22. Qe3 { [%clk 00:51:25] } { [%emt 00:00:59] } 22... Qh5
{ [%clk 01:08:53] } { [%emt 00:19:45] } 23. Bd1 { [%clk 00:50:36] } 23...
Qg6 { [%clk 01:08:15] } 24. Qh3 { [%clk 00:47:11] } 24... Rf7 { [%clk
01:07:37] } 25. Bh5 { [%clk 00:45:52] } 25... Qg7 { [%clk 01:07:33] } 26.
Bxf7+ { [%clk 00:46:11] } 26... Kxf7 { [%clk 01:07:38] } 27. g3 { [%clk
00:43:10] } 27... Rh8 { [%clk 01:06:09] } 28. f3 { [%clk 00:43:40] } 28...
Ke7 { [%clk 01:05:12] } { [%emt 00:01:46] } 29. Qh5 { [%clk 00:42:49] } {
[%emt 00:01:24] } 29... Qf7 { [%clk 01:05:00] } { [%emt 00:00:39] } 30.
Qxf7+ { [%clk 00:42:57] } { [%emt 00:00:48] } 30... Kxf7 { [%clk 01:05:19]
} { [%emt 00:00:04] } 31. a4 { [%clk 00:43:16] } 31... Ba6 { [%clk
01:04:02] } { [%emt 00:01:37] } 32. Rfb1 { [%clk 00:43:01] } { [%emt
00:00:48] } 32... Rc8 { [%clk 01:03:26] } { [%emt 00:01:39] } 33. Kg2 {
[%clk 00:43:16] } 33... Kg6 { [%clk 01:03:14] } { [%emt 00:00:23] } 34. h3
{ [%clk 00:43:30] } { [%emt 00:00:16] } 34... Bb7 { [%clk 01:02:06] } {
[%emt 00:02:34] } 35. h4 { [%clk 00:43:34] } 35... h5 { [%clk 01:01:06] } {
[%emt 00:01:08] } 36. g4 { [%clk 00:41:33] } { [%emt 00:02:22] } 36... fxg4
{ [%clk 01:00:26] } { [%emt 00:01:14] } 37. fxg4 { [%clk 00:41:50] } {
[%emt 00:00:20] } 37... hxg4 { [%clk 01:00:47] } { [%emt 00:00:05] } 38.
hxg5 { [%clk 00:42:06] } { [%emt 00:00:07] } 38... Kxg5 { [%clk 01:01:04] }
{ [%emt 00:00:39] } 39. Rf1 { [%clk 00:42:27] } 39... a5 { [%clk 01:00:58]
} { [%emt 00:01:03] } 40. Rf7 { [%clk 00:42:21] } { [%emt 00:00:09] } 40...
Ba6 { [%clk 01:00:05] } { [%emt 00:01:08] } 41. Raf1 { [%clk 00:42:04] } {
[%emt 00:00:49] } 41... Rc6 { [%clk 00:53:29] } { [%emt 00:07:03] } 42. Kg3
{ [%clk 00:42:01] } { [%emt 00:00:32] } 42... b5 { [%clk 00:51:01] } {
[%emt 00:03:09] } 43. Rg7+ { [%clk 00:40:58] } { [%emt 00:01:23] } 43...
Kh6 { [%clk 00:50:56] } { [%emt 00:00:59] } 44. Rxg4 { [%clk 00:41:21] }
1-0

[Event "Ulster Championships 2025"]
[Site "Lisburn Chess Club, United Kingdom"]
[Date "2025.08.25"]
[Round "6.1"]
[White "O' Cuilleanain, Oisin"]
[Black "Spackman, Conor"]
[Result "1-0"]
[WhiteElo "2129"]
[BlackElo "1738"]
[TimeControl "90' + 30\""]
[ePGN "0.1;DGT LiveChess/2.2.7"]
[WhiteFideId "2514249"]
[BlackFideId "2513765"]

1. e4 { [%clk 01:30:56] } { [%emt 00:00:33] } 1... c5 { [%clk 01:30:53] } {
[%emt 00:00:05] } 2. Nf3 { [%clk 01:31:20] } 2... d6 { [%clk 01:31:13] } 3.
d4 { [%clk 01:31:43] } { [%emt 00:00:09] } 3... cxd4 { [%clk 01:31:37] } 4.
Nxd4 { [%clk 01:32:08] } { [%emt 00:00:10] } 4... Nf6 { [%clk 01:32:04] }
5. Nc3 { [%clk 01:32:31] } { [%emt 00:00:13] } 5... a6 { [%clk 01:32:25] }
6. Bc4 { [%clk 01:32:39] } { [%emt 00:00:16] } 6... e6 { [%clk 01:32:45] }
{ [%emt 00:00:42] } 7. Bb3 { [%clk 01:33:03] } 7... Be7 { [%clk 01:32:50] }
{ [%emt 00:00:23] } 8. g4 { [%clk 01:33:27] } 8... Nc6 { [%clk 01:28:17] }
{ [%emt 00:04:46] } 9. g5 { [%clk 01:33:25] } { [%emt 00:00:43] } 9... Nxd4
{ [%clk 01:28:04] } { [%emt 00:00:48] } 10. Qxd4 { [%clk 01:33:22] } {
[%emt 00:01:00] } 10... Nh5 { [%clk 01:25:09] } { [%emt 00:02:53] } 11. Rg1
{ [%clk 01:32:49] } { [%emt 00:00:53] } 11... O-O { [%clk 01:22:18] } {
[%emt 00:03:17] } 12. Be3 { [%clk 01:32:15] } { [%emt 00:01:31] } 12... g6
{ [%clk 01:20:17] } { [%emt 00:02:05] } 13. O-O-O { [%clk 01:32:21] } {
[%emt 00:00:37] } 13... Qc7 { [%clk 01:14:50] } { [%emt 00:05:43] } 14. f4
{ [%clk 01:30:17] } { [%emt 00:02:34] } 14... Qc5 { [%clk 01:04:16] } {
[%emt 00:11:07] } 15. Qd2 { [%clk 01:29:07] } { [%emt 00:01:37] } 15... Qa5
{ [%clk 01:01:47] } { [%emt 00:03:00] } 16. Kb1 { [%clk 01:29:10] } { [%emt
00:00:51] } 16... b5 { [%clk 00:58:08] } { [%emt 00:03:45] } 17. Nd5 {
[%clk 01:29:29] } { [%emt 00:00:44] } 17... Qd8 { [%clk 00:57:44] } { [%emt
00:00:24] } 18. Nxe7+ { [%clk 01:29:31] } { [%emt 00:00:26] } 18... Qxe7 {
[%clk 00:56:01] } { [%emt 00:02:25] } 19. Qxd6 { [%clk 01:29:06] } { [%emt
00:00:41] } 19... Qxd6 { [%clk 00:53:06] } { [%emt 00:03:25] } 20. Rxd6 {
[%clk 01:29:29] } { [%emt 00:00:41] } 20... Bb7 { [%clk 00:53:19] } { [%emt
00:00:09] } 21. f5 { [%clk 01:29:12] } { [%emt 00:00:39] } 21... Ng7 {
[%clk 00:43:44] } { [%emt 00:09:45] } 22. fxe6 { [%clk 01:28:36] } { [%emt
00:01:06] } 22... Nxe6 { [%clk 00:43:36] } { [%emt 00:00:49] } 23. Rxe6 {
[%clk 01:28:50] } { [%emt 00:00:06] } 23... fxe6 { [%clk 00:36:23] } {
[%emt 00:08:10] } 24. Bxe6+ { [%clk 01:29:13] } { [%emt 00:00:04] } 24...
Rf7 { [%clk 00:35:54] } { [%emt 00:00:36] } 25. Rf1 { [%clk 01:29:37] } {
[%emt 00:00:10] } 25... Rf8 { [%clk 00:35:51] } { [%emt 00:00:28] } 26. Bc5
{ [%clk 01:29:58] } { [%emt 00:00:41] } 26... Kg7 { [%clk 00:36:09] } {
[%emt 00:00:10] } 27. Bxf8+ { [%clk 01:30:14] } 27... Rxf8 { [%clk
00:32:53] } { [%emt 00:04:04] } 28. Rxf8 { [%clk 01:30:36] } 28... Kxf8 {
[%clk 00:33:08] } { [%emt 00:00:04] } 29. Bd5 { [%clk 01:31:01] } 1-0

[Event "Ulster Championships 2025"]
[Site "Lisburn Chess Club, United Kingdom"]
[Date "2025.08.25"]
[Round "6.2"]
[White "Tahmankar, Mandar"]
[Black "Zelenchuk, Danill"]
[Result "1-0"]
[WhiteElo "2082"]
[BlackElo "1957"]
[TimeControl "90' + 30\""]
[ePGN "0.1;DGT LiveChess/2.2.7"]
[WhiteFideId "5019400"]
[BlackFideId "2511959"]

1. d4 { [%clk 01:30:56] } { [%emt 00:00:05] } 1... Nf6 { [%clk 01:30:58] }
{ [%emt 00:00:10] } 2. g3 { [%clk 01:30:51] } { [%emt 00:00:25] } 2... g6 {
[%clk 01:31:24] } { [%emt 00:00:37] } 3. Bg2 { [%clk 01:31:11] } { [%emt
00:00:05] } 3... Bg7 { [%clk 01:31:50] } 4. Nf3 { [%clk 01:31:10] } { [%emt
00:00:06] } 4... O-O { [%clk 01:32:10] } { [%emt 00:00:34] } 5. O-O { [%clk
01:31:28] } { [%emt 00:00:04] } 5... d6 { [%clk 01:32:14] } { [%emt
00:00:10] } 6. b3 { [%clk 01:31:32] } { [%emt 00:00:57] } 6... e5 { [%clk
01:30:11] } { [%emt 00:03:04] } 7. dxe5 { [%clk 01:26:32] } { [%emt
00:05:06] } 7... dxe5 { [%clk 01:30:36] } 8. Ba3 { [%clk 01:24:37] } {
[%emt 00:01:57] } 8... Re8 { [%clk 01:30:29] } { [%emt 00:00:33] } 9. Nc3 {
[%clk 01:22:22] } { [%emt 00:02:43] } 9... e4 { [%clk 01:22:52] } { [%emt
00:08:06] } 10. Qxd8 { [%clk 01:14:47] } { [%emt 00:08:48] } 10... Rxd8 {
[%clk 01:22:59] } { [%emt 00:00:04] } 11. Rad1 { [%clk 01:14:27] } { [%emt
00:01:07] } 11... Re8 { [%clk 01:16:32] } { [%emt 00:06:37] } 12. Nd2 {
[%clk 01:10:52] } { [%emt 00:03:44] } 12... e3 { [%clk 01:12:29] } { [%emt
00:04:49] } 13. fxe3 { [%clk 01:10:33] } { [%emt 00:00:33] } 13... Na6 {
[%clk 00:58:20] } { [%emt 00:14:53] } 14. Nd5 { [%clk 01:03:26] } { [%emt
00:07:36] } 14... Ng4 { [%clk 00:45:22] } { [%emt 00:13:19] } 15. h3 {
[%clk 00:57:19] } { [%emt 00:06:37] } 15... c6 { [%clk 00:31:29] } { [%emt
00:14:24] } 16. hxg4 { [%clk 00:56:18] } { [%emt 00:01:40] } 16... cxd5 {
[%clk 00:31:48] } { [%emt 00:00:05] } 17. Bxd5 { [%clk 00:56:43] } { [%emt
00:00:11] } 17... Bxg4 { [%clk 00:30:41] } { [%emt 00:01:40] } 18. Nc4 {
[%clk 00:47:21] } { [%emt 00:47:25] } 18... Bxe2 { [%clk 00:25:46] } 19.
Rxf7 { [%clk 00:45:21] } 19... Bc3 { [%clk 00:23:31] } 20. Rf2+ { [%clk
00:45:20] } 20... Kh8 { [%clk 00:22:50] } 21. Rxe2 { [%clk 00:45:47] }
21... Rad8 { [%clk 00:23:09] } 22. Rd3 { [%clk 00:45:47] } { [%emt
00:00:04] } 22... b5 { [%clk 00:22:07] } 23. Nd6 { [%clk 00:44:35] } 23...
Nc7 { [%clk 00:20:04] } 24. Nf7+ { [%clk 00:44:13] } 24... Kg7 { [%clk
00:19:53] } 25. Nxd8 { [%clk 00:44:33] } 25... b4 { [%clk 00:19:14] } 26.
Ne6+ { [%clk 00:42:52] } 26... Kh8 { [%emt 00:00:37] } 1-0

[Event "Ulster Championships 2025"]
[Site "Lisburn Chess Club, United Kingdom"]
[Date "2025.08.25"]
[Round "6.3"]
[White "Razbadauskas, Modestas"]
[Black "Scannell, Stephen"]
[Result "0-1"]
[WhiteElo "1734"]
[BlackElo "2050"]
[TimeControl "90' + 30\""]
[ePGN "0.1;DGT LiveChess/2.2.7"]
[WhiteFideId "2513358"]
[BlackFideId "2501104"]

1. d4 { [%clk 01:30:51] } { [%emt 00:00:47] } 1... d6 { [%clk 01:29:39] } {
[%emt 02:41:31] } 2. c4 { [%clk 01:31:09] } 2... Nf6 { [%clk 01:29:56] } 3.
Nc3 { [%clk 01:31:30] } 3... Nbd7 { [%clk 01:30:13] } 4. Nf3 { [%clk
01:31:48] } 4... e5 { [%clk 01:30:32] } 5. dxe5 { [%clk 01:32:05] } 5...
dxe5 { [%clk 01:30:52] } 6. Bg5 { [%clk 01:32:13] } 6... c6 { [%clk
01:31:07] } 7. e4 { [%clk 01:32:00] } { [%emt 00:00:05] } 7... Qc7 { [%clk
01:30:57] } 8. Be2 { [%clk 01:32:02] } 8... Be7 { [%clk 01:31:11] } 9. O-O
{ [%clk 01:32:03] } 9... O-O { [%clk 01:31:35] } { [%emt 00:00:04] } 10.
Qc2 { [%clk 01:32:06] } 10... Re8 { [%clk 01:31:27] } 11. a3 { [%clk
01:32:10] } 11... a6 { [%clk 01:30:27] } 12. b4 { [%clk 01:32:27] } 12...
b6 { [%clk 01:29:23] } 13. Rfd1 { [%clk 01:32:32] } 13... Nf8 { [%clk
01:28:31] } { [%emt 00:00:05] } 14. Rd2 { [%clk 01:32:30] } 14... Bb7 {
[%clk 01:27:32] } 15. Rad1 { [%clk 01:31:57] } 15... Rad8 { [%clk 01:27:35]
} 16. h3 { [%clk 01:31:34] } 16... h6 { [%clk 01:23:15] } 17. Bh4 { [%clk
01:31:42] } 17... g5 { [%clk 01:23:31] } 18. Bg3 { [%clk 01:31:36] } {
[%emt 00:00:47] } 18... Ng6 { [%clk 01:23:57] } 19. h4 { [%clk 01:30:22] }
19... Nh5 { [%clk 01:20:04] } 20. Bh2 { [%clk 01:29:22] } 20... Nhf4 {
[%clk 01:18:31] } 21. Bxf4 { [%clk 01:28:07] } 21... Nxf4 { [%clk 01:18:38]
} 22. Rxd8 { [%clk 01:28:13] } 22... Rxd8 { [%clk 01:16:08] } 23. hxg5 {
[%clk 01:27:49] } 23... hxg5 { [%clk 01:16:09] } 24. Nh2 { [%clk 01:27:35]
} 24... Kg7 { [%clk 01:14:45] } 25. Rxd8 { [%clk 01:27:32] } 25... Qxd8 {
[%clk 01:14:37] } 26. Qd1 { [%clk 01:27:21] } 26... Qd4 { [%clk 01:14:31] }
27. Qc2 { [%clk 01:26:02] } 27... Qxc3 { [%clk 01:14:42] } 28. Qd1 Qd4 0-1

[Event "Ulster Championships 2025"]
[Site "Lisburn Chess Club, United Kingdom"]
[Date "2025.08.25"]
[Round "6.4"]
[White "Dolan, Peter"]
[Black "Campbell, Peter"]
[Result "1-0"]
[WhiteElo "1586"]
[BlackElo "1614"]
[TimeControl "90' + 30\""]
[ePGN "0.1;DGT LiveChess/2.2.7"]
[WhiteFideId "2413612"]
[BlackFideId "2518406"]

1. d4 { [%clk 01:30:57] } { [%emt 00:00:13] } 1... Nf6 { [%clk 01:30:52] }
2. c4 { [%clk 01:31:21] } { [%emt 00:00:16] } 2... e5 { [%clk 01:30:49] } {
[%emt 00:00:27] } 3. dxe5 { [%clk 01:31:38] } { [%emt 00:00:11] } 3... Ne4
{ [%clk 01:31:06] } { [%emt 00:00:24] } 4. Nf3 { [%clk 01:31:17] } { [%emt
00:00:36] } 4... b6 { [%clk 01:30:36] } { [%emt 00:01:17] } 5. Qd5 { [%clk
01:30:50] } { [%emt 00:00:42] } 5... Bb7 { [%clk 01:30:44] } { [%emt
00:00:20] } 6. Qxb7 { [%clk 01:30:49] } { [%emt 00:00:37] } 6... Nc6 {
[%clk 01:31:07] } { [%emt 00:00:04] } 7. Nbd2 { [%clk 01:25:03] } { [%emt
00:06:21] } 7... Nc5 { [%clk 01:30:22] } { [%emt 00:01:08] } 8. Qxa8 {
[%emt 00:03:03] } 8... Qxa8 { [%emt 00:00:24] } 9. a3 { [%clk 01:20:21] } {
[%emt 00:01:45] } 9... d6 { [%clk 01:29:34] } { [%emt 00:01:17] } 10. exd6
{ [%clk 01:14:29] } { [%emt 00:07:13] } 10... Bxd6 { [%clk 01:29:50] } 11.
b4 { [%clk 01:12:36] } { [%emt 00:02:00] } 11... Ne6 { [%clk 01:29:03] } {
[%emt 00:01:03] } 12. e3 { [%clk 01:12:40] } { [%emt 00:00:45] } 12... O-O
{ [%clk 01:29:02] } { [%emt 00:01:24] } 13. Bb2 { [%clk 01:10:49] } { [%emt
00:01:35] } 13... f6 { [%clk 01:25:27] } { [%emt 00:04:20] } 14. Be2 {
[%clk 01:09:48] } { [%emt 00:00:51] } 14... Ne5 { [%clk 01:24:42] } { [%emt
00:01:47] } 15. O-O { [%clk 01:09:56] } { [%emt 00:00:04] } 15... a5 {
[%clk 01:23:26] } { [%emt 00:01:51] } 16. Rfc1 { [%clk 01:01:43] } { [%emt
00:10:13] } 16... Qd8 { [%clk 01:19:41] } { [%emt 00:02:25] } 17. Ne4 {
[%clk 00:54:30] } { [%emt 00:07:47] } 17... Nxf3+ { [%clk 01:19:14] } {
[%emt 00:00:52] } 18. Bxf3 { [%clk 00:54:49] } { [%emt 00:00:38] } 18...
Be5 { [%clk 01:16:49] } { [%emt 00:02:33] } 19. Bxe5 { [%clk 00:54:42] } {
[%emt 00:00:35] } 19... fxe5 { [%clk 01:17:13] } { [%emt 00:00:18] } 20.
Rd1 { [%clk 00:54:17] } { [%emt 00:00:56] } 20... Qe7 { [%clk 01:16:39] } {
[%emt 00:00:51] } 21. b5 { [%clk 00:51:44] } { [%emt 00:04:20] } 21... h6 {
[%clk 01:13:49] } { [%emt 00:02:02] } 22. Rd5 { [%clk 00:48:16] } { [%emt
00:03:59] } 22... Ng5 { [%clk 01:07:28] } { [%emt 00:06:48] } 23. Nxg5 {
[%clk 00:48:02] } { [%emt 00:00:47] } 23... Qxg5 { [%clk 01:07:50] } {
[%emt 00:00:09] } 24. Kf1 { [%clk 00:47:55] } { [%emt 00:00:53] } 24... Rd8
{ [%clk 01:07:11] } { [%emt 00:00:50] } 25. Rad1 { [%clk 00:46:19] } {
[%emt 00:02:05] } 25... Rxd5 { [%clk 01:07:30] } { [%emt 00:00:16] } 26.
Bxd5+ { [%clk 00:46:34] } { [%emt 00:00:14] } 26... Kf8 { [%clk 01:07:48] }
{ [%emt 00:00:50] } 27. e4 { [%clk 00:36:02] } { [%emt 00:10:20] } 27...
Qh5 { [%clk 01:08:06] } { [%emt 00:01:27] } 28. Rd3 { [%clk 00:36:28] }
28... Qxh2 { [%clk 01:04:04] } { [%emt 00:03:24] } 29. Rh3 { [%clk
00:36:34] } { [%emt 00:00:30] } 29... Qf4 { [%clk 01:03:46] } { [%emt
00:00:42] } 30. Rf3 { [%clk 00:36:55] } { [%emt 00:00:07] } 30... Qxf3 {
[%clk 01:03:51] } { [%emt 00:00:27] } 31. gxf3 { [%clk 00:37:18] } { [%emt
00:00:45] } 31... Ke7 { [%clk 01:04:05] } { [%emt 00:00:04] } 32. Kg2 {
[%clk 00:35:34] } { [%emt 00:02:04] } 32... g5 { [%emt 00:00:13] } 33. Kg3
Kf6 34. Bc6 Ke6 35. Kg4 Kf6 36. Kh5 Kg7 37. Bd7 Kh7 38. Bf5+ Kg7 39. Bg6 a4
40. Bf5 Kf6 41. Kxh6 Ke7 42. Kxg5 Kd6 43. f4 exf4 44. Kxf4 { [%clk
00:35:50] } 1-0